| 000 | 00397nam a2200133Ia 4500 | ||
|---|---|---|---|
| 008 | 220217s9999||||xx |||||||||||||| ||und|| | ||
| 020 | _a81-203-1998-2 | ||
| 082 | _a006.74 LIC | ||
| 100 |
_aLichtenberg, Matt Travis, Jim _93661 |
||
| 245 | 0 | _aCreating dynamic presentations with streaming media | |
| 260 |
_aPrentice hall of india _bNew Delhi _c2000 |
||
| 300 | _b350 | ||
| 650 | _aMULTIMEDIA | ||
| 999 |
_c172359 _d172359 |
||